000 00941nam a22002897a 4500
001 BR9402261
003 BR-BrBNA
005 20230928094142.0
007 ta
008 230509b bl.||||| |||| 00| 0 por d
040 _aBR-BrBNA
_bpor
_cBiblioteca Nacional de Agricultura
041 _a(Por)
072 _aE14; F06
090 _ E14 BR9402261
110 1 _aFederacao das Associacoes dos Engenheiros Agronomos do Brasil, Salvador, BA (Brasil)
_94590
110 1 _aAssociacao dos Engenheiros Agronomos da Bahia, Salvador (Brasil)
_9586
111 1 _a17. Congresso Brasileiro de Agronomia
_cSalvador, BA (Brazil)
_d16-20 Sep 1991
245 1 _aAnais do 17. Congresso Brasileiro de Agronomia
260 3 _aSalvador, BA (Brasil):
_c1991.
300 _a179 p.
650 _aPolitica Agricola
650 _aTecnologia Agricola
650 _aIrrigacao
650 _aMicrobacia
909 _a202309
_bLucia
_c55
_dLucia Elande
942 _cBK
999 _c49121
_d49121